| 000 | 00491nam a2200169Ia 4500 | ||
|---|---|---|---|
| 999 |
_c36013 _d36013 |
||
| 003 | OSt | ||
| 005 | 20201130142228.0 | ||
| 008 | 190216s9999||||xx |||||||||||||| ||und|| | ||
| 040 | _coclc | ||
| 082 |
_a613.7 _bCHI/Y |
||
| 100 |
_aChidambaran, T G _97049 |
||
| 245 | 0 |
_aYoga Oru Jeevithareethi / _cT G Chidambaran |
|
| 260 |
_bAmoolya Publications, _c1989. _aKochi: |
||
| 300 | _a421p | ||
| 650 | _aGeneral Collections | ||
| 942 |
_cREF _2ddc _h613.7 _iCHI/Y _k613.7 _mCHI/Y |
||